LIBRARY & INFORMATION CENTRE, KCAET, TAVANUR

ONLINE PUBLIC ACCESS CATALOGUE (OPAC)

Rubber krishi / (Record no. 4654)

MARC details
000 -LEADER
fixed length control field 00932cam a2200169ua 4500
041 ## - LANGUAGE CODE
Language code of text/sound track or separate title mal
082 ## - DEWEY DECIMAL CLASSIFICATION NUMBER
Classification number 633.8952
Item number RUB/RU
245 ## - TITLE STATEMENT
Title Rubber krishi /
260 ## - PUBLICATION, DISTRIBUTION, ETC. (IMPRINT)
Place of publication Kerala :
Name of publisher Rubber Plantation Department ,
Year of publication 1962.
300 ## - PHYSICAL DESCRIPTION
Number of Pages 45 ; .
942 ## - ADDED ENTRY ELEMENTS (KOHA)
Koha item type Books
Holdings
Withdrawn status Lost status Damaged status Home library Current library Date acquired Full call number Accession Number Koha item type
Withdrawn     KAUAET KAUAET 07/04/2012 633.8952 13129 Books
      KAUAET KAUAET 07/04/2012 633.8952 13131 Books
Withdrawn     KAUAET KAUAET 07/04/2012 633.8952 13132 Books
Withdrawn     KAUAET KAUAET 16/11/2023 633.8952 RUB/RU 13128 Books
Withdrawn     KAUAET KAUAET 16/11/2023 633.8952 RUB/RU 13130 Books
      KAUAET KAUAET 16/11/2023 633.8952 RUB/RU   Books
free website counter